| 000 | 00395cam a2200145ua 4500 | ||
|---|---|---|---|
| 041 |
_aeng _h |
||
| 082 |
_a620.11 _bCAL/CA |
||
| 100 | _aCallister, William D. | ||
| 245 |
_aCallister,s material science and engineering / _cWilliam D Callister. _hTextual Documents |
||
| 260 |
_aNew Delhi : _bWiley Eastern Ltd , _c2007. |
||
| 300 | _a ; . | ||
| 504 | _a | ||
| 942 | _cBK | ||
| 999 |
_c13182 _d13182 |
||